Music Quiz

Random Music or Lyrics Quiz
Score 0/10 Timer 04:00
0 Plays Today
Lyric Missing Word % Correct
'Let the ____ come down / And wake my dreams'rain
92.7%
'Do you see a single ____ / It isn't gonna happen here'tear
65.5%
'Could be ___ ____ / Maybe Hollywood and Vine'New York
59.6%
'I found ______ today / Oh I found [SAME WORD] and ran away'myself
57.9%
'Forget about the _______ why / You can't in life'reasons
41.2%
'There's no ________ in your eyes / The way you look at me it's just not right'kindness
28.9%
'You can even be _____ / Just do it with love, love, love, love'blunt
26.8%
'It's coming right back / Right back in my _____'range
24.3%
'On a mission for ________ / By the end of the night'position
14.2%
'Count down into a ______ place / Count down into some outer space'higher
7.4%
Remove Ads.
Support Sporcle.
Get the best of Sporcle when you Go Orange. This ad-free experience offers more features, more stats, and more fun while also helping to support Sporcle. Thank you for becoming a member.

You're not logged in!

Compare scores with friends on all Sporcle quizzes.
OR
Log In

Show Comments

Extras

Created Nov 6, 2010ReportNominate
Tags:Lyrics Quiz, Pop Music

Top Quizzes Today


Score Distribution

Your Account Isn't Verified!

In order to create a playlist on Sporcle, you need to verify the email address you used during registration. Go to your Sporcle Settings to finish the process.

Report this User

Report this user for behavior that violates our Community Guidelines.

Details: